Fastest GDP Growing Countries - Statistics

General Stats
  • This quiz has been taken 30 times
  • The average score is 11 of 24
Answer Stats
GDP Growth % Country % Correct
10.563 Colombia
70%
19.994 Guyana
70%
15.632 Panama
70%
11.690 Chile
65%
13.441 Peru
65%
10.200 Argentina
57%
9.754 Belize
57%
12.263 Dominican Republic
57%
10.300 El Salvador
57%
12.753 Honduras
57%
10.300 Nicaragua
57%
10.986 Turkey
57%
13.563 Ireland
43%
296.1 Libya
43%
10.204 Rwanda
43%
12.933 Botswana
30%
10.449 Croatia
30%
10.359 Georgia
26%
9.500 Kosovo
26%
12.633 Montenegro
26%
31.712 Maldives
22%
9.414 Malta
22%
13.995 Moldova
17%
9.200 Tajikistan
17%
No matching quizzes found
Score Distribution
Percent of People with Each Score
Percentile by Number Answered
Your Score History
You have not taken this quiz